000 01503cam a22003857a 4500
003 CHAP
005 20220329141806.0
008 971013s1982 r 00010 d
010 _a73897
011 _a74869
035 _a84428
040 _cCHAP
090 _aFolleto 9012
100 0 0 _aCardoza Brum, Myriam.
_918924
245 0 _aAnálisis del proceso de las políticas públicas
_b: el caso de la política científica y tecnológica en México en la década de los setenta
260 _aMéxico, D.F. :
_bCentro de Investigación y Docencia Económica. Departamento de Administración Pública,
_c1982
300 _a25 p.
410 _aCIDE. Departamento de Administración Pública
490 0 _aDocumentos de trabajo
_v; 7
590 _aBATCH-UPD
_b10
_c20130110
_lUCH01
_h0228
590 _aBATCH-UPD
_b10
_c20130110
_lUCH01
_h1209
590 _aBATCH-UPD
_b10
_c20130409
_lUCH01
_h2251
590 _aBATCH-UPD
_b10
_c20130410
_lUCH01
_h1107
590 _aBATCH-UPD
_b10
_c20130914
_lUCH01
_h0932
590 _aCONVERSION
_b10
_c20130109
_lUCH01
_h1340
650 1 4 _aPolítica científica
_xMéxico.
_990467
650 1 4 _aTecnología.
_9111937
700 0 _aEsteso M., Roberto.
_938300
830 0 _aCIDE. Departamento de Administración pública
_923091
830 0 _aDocumentos de trabajo
_v; 7
_933268
901 _aBK
942 _cFOLL
949 _aFolleto 9012
_bBC
_cFOLL
_d-39767
_eTS1
_gI.c/e
_i84428
_si
_t83.00
949 _aFolleto 9012
_bBC
_cFOLL
_d-39769
_eTS2
_fc.2
_gI.c/e
_i84428
_si
_t83.00
999 _c73897
_d73897